000 00593nam a2200205Ia 4500
005 20250923145349.0
008 008 250917s9999 xx 000 0 eng d
037 _aTextual
040 _aDSWL
_beng
_cDSWL
041 _aeng
_2eng
084 _aYX;5-7, N76;1
_qDSWL
100 _aRobson, William A.
_9834518
245 0 _aWelfare state and welfare society
_c by William A. Robson
260 _aLondon
_bGeorge Allen & Unwin Ltd.
_c1976
300 _a184 p.
365 _aINR
_b56 . 5
925 _g56 . 5
942 _cTEXL
_hYX;5-7, N76;1
999 _c1450481
_d1450481